000 00703nam a2200241 a 4500
001 19951
003 BD-RjUL
005 20211209000513.0
008 140226t1964 enk 000 0 eng d
020 _a0140017755
035 _a(BD-RjUL)20012
040 _aDLC
_beng
_cDLC
_dBD-RjUL
041 _aeng
082 0 4 _a823
_bFAM 1964
245 0 0 _aFamous trials /
_cedited by James H. Hodge ; [by E.R. Watson ... [et al.]
260 _aLondon :
_bPenguin Books,
_cc1964
300 _a202, p. ;
_c19 cm.
650 0 _aTrials (Murder)
_zEngland
_961321
700 1 _aHodge, James H.
_q(James Hozier),
_d1906-
_961322
700 1 _aWatson, E. R.
_961323
830 0 _aPenguin crime
_961329
942 _2ddc
_cBK
999 _c19951
_d19951